[Event "South Wales Summer Open"]
[Site "Penarth"]
[Date "2016.08.27"]
[Round "1.1"]
[White "Toczek, Grzegorz"]
[Black "Robinson, David"]
[Result "1-0"]
[WhiteElo "2254"]
[BlackElo "1917"]
[PlyCount "67"]
[EventDate "2016.08.28"]
[EventType "swiss"]
[EventRounds "5"]
[EventCountry "WLS"]
[SourceDate "2016.08.28"]

1. e4 d6 2. d4 Nf6 3. Nc3 Nbd7 4. Nf3 e5 5. Bc4 Be7 6. O-O c6 7. a4 Qc7 8. Re1
h6 9. b3 O-O 10. Ba3 Re8 11. Qd2 Nf8 12. h3 Ne6 13. Bf1 Nf4 14. Kh2 g5 15. g3
Ng6 16. Bg2 Kh7 17. Rad1 g4 18. hxg4 Bxg4 19. Rh1 Kg7 20. Kg1 Rh8 21. Re1 Rad8
22. Bc1 Ng8 23. Nd1 Bf6 24. Ne3 Be6 25. c4 d5 26. Nf5+ Kf8 27. Ba3+ Ke8 28.
cxd5 cxd5 29. dxe5 Nxe5 30. N3d4 Be7 31. Nxe7 Nxe7 32. Nb5 Qb8 33. Bxe7 Kxe7
34. exd5 1-0

[Event "South Wales Summer Open"]
[Site "Penarth"]
[Date "2016.08.27"]
[Round "1.3"]
[White "Ivekovic, Tihana"]
[Black "Van Kemenade, Julie"]
[Result "1-0"]
[WhiteElo "2103"]
[BlackElo "1716"]
[PlyCount "65"]
[EventDate "2016.08.28"]
[EventType "swiss"]
[EventRounds "5"]
[EventCountry "WLS"]
[SourceDate "2016.08.28"]

1. d4 d6 2. c4 Nf6 3. Nc3 Nbd7 4. g3 e5 5. Bg2 g6 6. Nf3 Bg7 7. dxe5 dxe5 8.
O-O O-O 9. Qc2 c6 10. b3 Qc7 11. Ba3 Re8 12. Rad1 Nf8 13. Bd6 Qa5 14. Nxe5 Rxe5
15. b4 Rxe2 16. Qxe2 Qf5 17. Bxf8 Bxf8 18. Rd8 Kg7 19. b5 Qc5 20. Qb2 Be7 21.
Ne4 Qf5 22. Nd6 Bxd6 23. Rxd6 Be6 24. bxc6 bxc6 25. Rxc6 Rd8 26. h3 Kh6 27. g4
Qf4 28. Qc1 Rd2 29. a3 Qd4 30. Rd6 Qxd6 31. Rd1 g5 32. Qxd2 Qc7 33. h4 1-0

[Event "South Wales Summer Open"]
[Site "Penarth"]
[Date "2016.08.27"]
[Round "1.4"]
[White "Sivarajasingam, Venetia"]
[Black "Bullen, Alex"]
[Result "0-1"]
[WhiteElo "1655"]
[BlackElo "2015"]
[PlyCount "62"]
[EventDate "2016.08.28"]
[EventType "swiss"]
[EventRounds "5"]
[EventCountry "WLS"]
[SourceDate "2016.08.28"]

1. e4 c5 2. Nf3 e6 3. c4 Nc6 4. Nc3 Nd4 5. Nxd4 cxd4 6. Ne2 Nf6 7. Nxd4 Nxe4 8.
Nf3 Qb6 9. Qe2 f5 10. Ne5 Qd4 11. Nf3 Qb6 12. Ne5 g6 13. g3 Bg7 14. Nf3 O-O 15.
Bg2 d6 16. O-O Bd7 17. d3 Nf6 18. Be3 Qc7 19. Rac1 e5 20. Nd2 Rae8 21. Qd1 Ng4
22. Nb1 Nxe3 23. fxe3 Qb6 24. Qd2 f4 25. Kh1 fxe3 26. Bd5+ Kh8 27. Qe2 Bh3 28.
Rxf8+ Rxf8 29. c5 dxc5 30. Qxe3 Qxb2 31. Qxc5 Rf2 0-1

[Event "South Wales Summer Open"]
[Site "Penarth"]
[Date "2016.08.27"]
[Round "1.5"]
[White "Fathallah, Joe"]
[Black "Sivarajasingam, Shayanna"]
[Result "1-0"]
[WhiteElo "1982"]
[BlackElo "1648"]
[PlyCount "73"]
[EventDate "2016.08.28"]
[EventType "swiss"]
[EventRounds "5"]
[EventCountry "WLS"]
[SourceDate "2016.08.28"]

1. d4 d5 2. c4 e6 3. Nc3 Nf6 4. cxd5 exd5 5. Bg5 c6 6. e3 Be7 7. Bd3 O-O 8. Qc2
Nbd7 9. Nge2 h6 10. Bh4 Re8 11. O-O Ne4 12. Bxe7 Qxe7 13. Bxe4 dxe4 14. d5 c5
15. Ng3 Nf6 16. Rae1 b6 17. f3 Ba6 18. Rf2 Bd3 19. Qd2 Rad8 20. fxe4 Bxe4 21.
Rxf6 Qxf6 22. Ngxe4 Qg6 23. Ng3 Qg5 24. Qf2 Re5 25. e4 Rd6 26. Qe3 g6 27. Qxg5
hxg5 28. Nf1 f5 29. Ne3 Rd8 30. Nc4 Re7 31. e5 b5 32. d6 Re6 33. Nxb5 Ree8 34.
Nc7 Rf8 35. Ne6 Rfe8 36. Nxd8 Rxd8 37. e6 1-0

[Event "South Wales Summer Open"]
[Site "Penarth"]
[Date "2016.08.27"]
[Round "1.6"]
[White "Brown, Thomas"]
[Black "Davis, Lee"]
[Result "1/2-1/2"]
[WhiteElo "2092"]
[BlackElo "1925"]
[PlyCount "79"]
[EventDate "2016.08.28"]
[EventType "swiss"]
[EventRounds "5"]
[EventCountry "WLS"]
[SourceDate "2016.08.28"]

1. d4 Nf6 2. c4 e6 3. Nc3 Bb4 4. Qc2 d5 5. cxd5 exd5 6. Bg5 h6 7. Bxf6 Qxf6 8.
e3 O-O 9. Nf3 c5 10. dxc5 Bf5 11. Bd3 Bxc3+ 12. bxc3 Bxd3 13. Qxd3 Na6 14. O-O
Qc6 15. Ne5 Nxc5 16. Nxc6 Nxd3 17. Ne7+ Kh7 18. Rad1 Nc5 19. Nxd5 Rac8 20. Rd4
Rc6 21. Nb4 Rcc8 22. Rb1 Na4 23. Nd5 Nxc3 24. Nxc3 Rxc3 25. g3 Rc7 26. Kg2 Re8
27. Ra4 b6 28. Ra6 Rd8 29. Rb2 g6 30. Kf3 Kg7 31. h4 h5 32. a4 Rd5 33. Ra2 Re7
34. a5 bxa5 35. R2xa5 Rxa5 36. Rxa5 Kf6 37. Kf4 Rb7 38. Ra6+ Kg7 39. e4 Rb2 40.
Kf3 1/2-1/2

[Event "South Wales Summer Open"]
[Site "Penarth"]
[Date "2016.08.28"]
[Round "2.1"]
[White "Fathallah, Joe"]
[Black "Toczek, Grzegorz"]
[Result "0-1"]
[WhiteElo "1982"]
[BlackElo "2254"]
[PlyCount "44"]
[EventDate "2016.08.28"]
[EventType "swiss"]
[EventRounds "5"]
[EventCountry "WLS"]
[SourceDate "2016.08.28"]

1. d4 c5 2. d5 g6 3. e4 Bg7 4. f4 d6 5. Nf3 Nf6 6. Nc3 O-O 7. Bc4 Na6 8. O-O
Nc7 9. a4 b6 10. e5 Nfe8 11. e6 fxe6 12. Ng5 Nf6 13. Nxe6 Nxe6 14. dxe6 Bb7 15.
Nd5 Nxd5 16. Bxd5 Bd4+ 17. Kh1 Bxd5 18. f5 Be4 19. fxg6 Rxf1+ 20. Qxf1 Bxg6 21.
Ra3 Qf8 22. Rf3 Qg7 0-1

[Event "South Wales Summer Open"]
[Site "Penarth"]
[Date "2016.08.28"]
[Round "2.3"]
[White "Bullen, Alex"]
[Black "Staniforth, Matthew"]
[Result "1/2-1/2"]
[WhiteElo "2015"]
[BlackElo "1874"]
[PlyCount "104"]
[EventDate "2016.08.28"]
[EventType "swiss"]
[EventRounds "5"]
[EventCountry "WLS"]
[SourceDate "2016.08.28"]

1. Nf3 Nf6 2. d4 e6 3. c4 d5 4. g3 a6 5. Bg2 dxc4 6. a4 Nc6 7. O-O Rb8 8. Nc3
b5 9. axb5 axb5 10. Nxb5 Rxb5 11. Qa4 Ra5 12. Qxc6+ Bd7 13. Qxd7+ Nxd7 14. Rxa5
Nb6 15. Ne5 Bd6 16. Nxc4 O-O 17. Nxd6 cxd6 18. Ra3 Qf6 19. e3 d5 20. Ra6 Rb8
21. Bd2 Nc4 22. Bc3 h5 23. Bxd5 Nxb2 24. Be4 Nc4 25. Rc6 Na3 26. Ra1 Nb5 27.
Rb6 Qd8 28. Rxb8 Qxb8 29. Ra8 Qxa8 30. Bxa8 Nxc3 31. Kg2 g6 32. Kf3 Kg7 33. Bc6
Kf6 34. e4 e5 35. d5 Na2 36. Ke3 Nb4 37. Ba4 Na6 38. f4 Nc5 39. Bc6 g5 40. d6
gxf4+ 41. gxf4 exf4+ 42. Kxf4 Nd3+ 43. Kg3 Ne5 44. Bb5 Ke6 45. d7 Nxd7 46.
Bxd7+ Kxd7 47. Kh4 Ke6 48. Kxh5 Ke5 49. Kg5 Kxe4 50. Kf6 Kf4 51. h4 Kg4 52.
Kxf7 Kxh4 1/2-1/2

[Event "South Wales Summer Open"]
[Site "Penarth"]
[Date "2016.08.28"]
[Round "2.4"]
[White "Kett, Tim"]
[Black "Sivarajasingam, Shayanna"]
[Result "1-0"]
[WhiteElo "2219"]
[BlackElo "1648"]
[PlyCount "65"]
[EventDate "2016.08.28"]
[EventType "swiss"]
[EventRounds "5"]
[EventCountry "WLS"]
[SourceDate "2016.08.28"]

1. Nf3 Nf6 2. c4 e6 3. g3 d5 4. Bg2 Be7 5. O-O O-O 6. d4 dxc4 7. Na3 c5 8. Nxc4
Nc6 9. dxc5 Bxc5 10. a3 a5 11. Bf4 Nd5 12. Bd2 Ra6 13. Rc1 Ba7 14. e4 Nb6 15.
Qe2 Qe7 16. e5 Nxc4 17. Qxc4 Bb8 18. Qe4 h6 19. Be3 Ba7 20. Bxa7 Nxa7 21. Rfd1
b5 22. Nd4 Rb6 23. Nb3 a4 24. Qd4 Rb8 25. Nc5 f6 26. Qd6 Qxd6 27. exd6 Rd8 28.
d7 Bxd7 29. Rxd7 Rxd7 30. Nxd7 Rd8 31. Nb6 Rf8 32. Rc7 Rf7 33. Nd7 1-0

[Event "South Wales Summer Open"]
[Site "Penarth"]
[Date "2016.08.28"]
[Round "2.5"]
[White "Bridges, Paul"]
[Black "Brown, Thomas"]
[Result "0-1"]
[WhiteElo "1791"]
[BlackElo "2092"]
[PlyCount "40"]
[EventDate "2016.08.28"]
[EventType "swiss"]
[EventRounds "5"]
[EventCountry "WLS"]
[SourceDate "2016.08.28"]

1. e4 c6 2. d4 d5 3. e5 Bf5 4. Bd3 Bxd3 5. Qxd3 Qa5+ 6. Bd2 Qa6 7. Qf3 e6 8.
Ne2 Ne7 9. O-O Ng6 10. Re1 Be7 11. Qh3 c5 12. c3 Nc6 13. Be3 Qb6 14. b3 O-O 15.
Nd2 cxd4 16. cxd4 Ba3 17. Nf3 Nb4 18. Bc1 Bxc1 19. Rexc1 Rac8 20. a3 Nc2 0-1

[Event "South Wales Summer Open"]
[Site "Penarth"]
[Date "2016.08.28"]
[Round "2.7"]
[White "Christmas, Steve"]
[Black "Kalavala, Nayana"]
[Result "0-1"]
[WhiteElo "1854"]
[BlackElo "1255"]
[PlyCount "86"]
[EventDate "2016.08.28"]
[EventType "swiss"]
[EventRounds "5"]
[EventCountry "WLS"]
[SourceDate "2016.08.28"]

1. d4 d5 2. c3 Nf6 3. Bf4 Nc6 4. Nf3 Bf5 5. e3 a6 6. h3 e6 7. Bd3 Bg6 8. Bxg6
hxg6 9. Nbd2 Bd6 10. Qc2 Bxf4 11. exf4 Qd6 12. g3 O-O-O 13. Ne5 Rhf8 14. Qa4
Na7 15. b4 Nd7 16. Ndf3 Nb6 17. Qb3 Nc6 18. a4 Nxe5 19. Nxe5 Nd7 20. Nd3 f6 21.
O-O-O e5 22. dxe5 fxe5 23. Rhe1 exf4 24. Nxf4 c6 25. Ne6 Rxf2 26. Nxd8 Kxd8 27.
Rd3 Rg2 28. Rde3 Rxg3 29. Re8+ Kc7 30. Rf1 Rxh3 31. b5 axb5 32. axb5 cxb5 33.
Kb1 Qc6 34. Rc1 Nc5 35. Qa3 Qxe8 36. Qxc5+ Qc6 37. Qe7+ Kb6 38. Qxg7 Rg3 39.
Qe5 Rg4 40. Rf1 Qc4 41. Qe3+ d4 42. Rf6+ Ka5 43. cxd4 Qb4+ 0-1

[Event "South Wales Summer Open"]
[Site "Penarth"]
[Date "2016.08.28"]
[Round "2.8"]
[White "Braun, Walter"]
[Black "Van Kemenade, Julie"]
[Result "1-0"]
[WhiteElo "2198"]
[BlackElo "1716"]
[PlyCount "61"]
[EventDate "2016.08.28"]
[EventType "swiss"]
[EventRounds "5"]
[EventCountry "WLS"]
[SourceDate "2016.08.28"]

1. e4 d6 2. d4 Nf6 3. Nc3 c6 4. Nf3 Qc7 5. Bg5 e5 6. Be2 Nbd7 7. O-O Be7 8. a4
a5 9. Re1 h6 10. Be3 Nf8 11. h3 Rg8 12. d5 g5 13. Nh2 Ng6 14. Ng4 Bxg4 15. Bxg4
Nf4 16. Ra3 h5 17. Bf5 g4 18. Bxf4 exf4 19. h4 Kf8 20. Qd3 Nd7 21. Bxd7 Qxd7
22. g3 Bxh4 23. dxc6 bxc6 24. gxh4 g3 25. Ne2 Qh3 26. Qxd6+ Kg7 27. Nxg3 f3 28.
Rxf3 Kh7 29. Rxf7+ Rg7 30. Rxg7+ Kxg7 31. Nf5+ 1-0

[Event "South Wales Summer Open"]
[Site "Penarth"]
[Date "2016.08.28"]
[Round "2.9"]
[White "Robinson, David"]
[Black "Sivarajasingam, Venetia"]
[Result "1-0"]
[WhiteElo "1917"]
[BlackElo "1655"]
[PlyCount "47"]
[EventDate "2016.08.28"]
[EventType "swiss"]
[EventRounds "5"]
[EventCountry "WLS"]
[SourceDate "2016.08.28"]

1. d4 e6 2. Bf4 d5 3. Nd2 Nf6 4. e3 c5 5. c3 Nbd7 6. Bd3 c4 7. Bc2 Be7 8. Ngf3
O-O 9. Ne5 Nb8 10. Qf3 b5 11. Qh3 Re8 12. Bg5 h6 13. f4 Bb7 14. Bxf6 Bxf6 15.
O-O Nc6 16. Ndf3 a5 17. Qh5 Qc7 18. Ng4 Qe7 19. h4 b4 20. g3 Na7 21. Ng5 Nc8
22. Nh7 Nd6 23. Nhxf6+ gxf6 24. Qxh6 1-0

[Event "South Wales Summer Open"]
[Site "Penarth"]
[Date "2016.08.28"]
[Round "3.1"]
[White "Toczek, Grzegorz"]
[Black "Turner, Joseph David"]
[Result "1/2-1/2"]
[WhiteElo "2254"]
[BlackElo "1911"]
[PlyCount "93"]
[EventDate "2016.08.28"]
[EventType "swiss"]
[EventRounds "5"]
[EventCountry "WLS"]
[SourceDate "2016.08.28"]

1. d4 Nf6 2. Nf3 g6 3. g3 Bg7 4. Bg2 O-O 5. c4 d6 6. O-O Nc6 7. Nc3 Bg4 8. Qd3
Qc8 9. d5 Bxf3 10. exf3 Ne5 11. Qd2 h5 12. h3 Re8 13. f4 Ned7 14. Qc2 Nb6 15.
Nd1 c6 16. dxc6 bxc6 17. c5 Nbd5 18. Bd2 dxc5 19. Rc1 e5 20. fxe5 Rxe5 21. Ne3
h4 22. Nc4 Rh5 23. g4 Nxg4 24. hxg4 h3 25. Bf3 Rh4 26. Qe4 f5 27. Qd3 fxg4 28.
Bxd5+ cxd5 29. Qxd5+ Kh7 30. Bf4 Rh5 31. Qe4 Qf5 32. Nd6 Qxe4 33. Nxe4 Bd4 34.
Kh2 Rf8 35. Ng5+ Kg8 36. Kg3 Rf5 37. Kxg4 Be5 38. Be3 Bxb2 39. Rxc5 Rhxg5+ 40.
Bxg5 Rxc5 41. Be3 Ra5 42. Kxh3 Rxa2 43. Rd1 Ra3 44. Rd8+ Kf7 45. Rd7+ Ke6 46.
Rxa7 Rxa7 47. Bxa7 1/2-1/2

[Event "South Wales Summer Open"]
[Site "Penarth"]
[Date "2016.08.28"]
[Round "3.2"]
[White "Davis, Lee"]
[Black "Kett, Tim"]
[Result "0-1"]
[WhiteElo "1925"]
[BlackElo "2219"]
[PlyCount "64"]
[EventDate "2016.08.28"]
[EventType "swiss"]
[EventRounds "5"]
[EventCountry "WLS"]
[SourceDate "2016.08.28"]

1. d4 Nf6 2. g3 c5 3. Nf3 cxd4 4. Qxd4 Nc6 5. Qa4 g6 6. Bg2 Bg7 7. O-O O-O 8.
c4 d6 9. Nc3 Bd7 10. Qc2 a6 11. b3 Rc8 12. Bb2 b5 13. Nd2 Ne5 14. Nd1 bxc4 15.
bxc4 Nfg4 16. h3 Nh6 17. Ne3 Nf5 18. Nxf5 Bxf5 19. e4 Be6 20. Bxe5 Bxe5 21.
Rab1 Qc7 22. Rfc1 f5 23. f4 Bg7 24. Kh2 Qc5 25. Qd3 Rc7 26. exf5 Bxf5 27. Qd5+
Qxd5 28. Bxd5+ e6 29. Rb7 Rxb7 30. Bxb7 Rb8 31. g4 Rxb7 32. gxf5 Rb2 0-1

[Event "South Wales Summer Open"]
[Site "Penarth"]
[Date "2016.08.28"]
[Round "3.3"]
[White "Brown, Thomas"]
[Black "Staniforth, Matthew"]
[Result "0-1"]
[WhiteElo "2092"]
[BlackElo "1874"]
[PlyCount "116"]
[EventDate "2016.08.28"]
[EventType "swiss"]
[EventRounds "5"]
[EventCountry "WLS"]
[SourceDate "2016.08.28"]

1. d4 Nf6 2. c4 c5 3. d5 e5 4. Nc3 d6 5. e4 Be7 6. Be2 Nbd7 7. Nf3 Nf8 8. Rb1
Ng6 9. g3 O-O 10. h4 Bg4 11. Nh2 Bxe2 12. Qxe2 Qd7 13. Kf1 h6 14. Kg2 Nh7 15.
Nf1 f5 16. exf5 Qxf5 17. Ne3 Qf7 18. Ng4 Nf6 19. Nxf6+ Qxf6 20. Ne4 Qf5 21. h5
Nh8 22. g4 Qd7 23. g5 Nf7 24. g6 Ng5 25. Bxg5 Bxg5 26. Nxg5 hxg5 27. h6 Rf4 28.
hxg7 Qg4+ 29. Qxg4 Rxg4+ 30. Kf3 Rf4+ 31. Ke3 Kxg7 32. Rh7+ Kxg6 33. Rxb7 Raf8
34. Rf1 g4 35. Rg1 Rf3+ 36. Ke2 Rxf2+ 37. Ke1 R8f4 38. Rxg4+ Rxg4 39. Kxf2 Rxc4
40. Rd7 Kf5 41. Rxd6 Ke4 42. Ra6 Rc2+ 43. Ke1 Kxd5 44. b3 Ke4 45. Rxa7 Ke3 46.
Kd1 Rd2+ 47. Ke1 e4 48. Ra8 Rd5 49. a4 Rd3 50. Rb8 Rd2 51. Rb7 Rb2 52. Kd1 c4
53. b4 c3 54. a5 Kd3 55. Rd7+ Kc4 56. a6 Kb3 57. a7 c2+ 58. Kd2 e3+ 0-1

[Event "South Wales Summer Open"]
[Site "Penarth"]
[Date "2016.08.28"]
[Round "3.4"]
[White "Kalavala, Nayana"]
[Black "Bullen, Alex"]
[Result "0-1"]
[WhiteElo "1255"]
[BlackElo "2015"]
[PlyCount "88"]
[EventDate "2016.08.28"]
[EventType "swiss"]
[EventRounds "5"]
[EventCountry "WLS"]
[SourceDate "2016.08.28"]

1. e4 c6 2. d4 d5 3. Nc3 dxe4 4. Nxe4 Bf5 5. Ng3 Bg6 6. Nf3 Nd7 7. Bc4 e6 8.
Bf4 Ngf6 9. O-O Be7 10. Re1 O-O 11. Ne5 Nd5 12. Nxg6 hxg6 13. Bd2 N5b6 14. Bb3
c5 15. c3 cxd4 16. cxd4 Nf6 17. Bc3 Nbd5 18. Qf3 Rc8 19. Rac1 b5 20. a3 Qb6 21.
Ne4 Nxc3 22. Nxf6+ Bxf6 23. bxc3 Qa5 24. a4 bxa4 25. Bd1 Bxd4 26. Be2 Rxc3 27.
Rxc3 Qxc3 28. Qxc3 Bxc3 29. Rc1 Bb4 30. Bb5 a3 31. Ra1 Rd8 32. g3 Rd2 33. Bc4
Bc5 34. Rf1 Bd4 35. Kh1 a2 36. Bxa2 Rxa2 37. f3 Bb6 38. Rc1 Kf8 39. Re1 Ke7 40.
Rc1 Kf6 41. Rc6 g5 42. f4 g4 43. Rc4 Ra1+ 44. Kg2 Rg1# 0-1

[Event "South Wales Summer Open"]
[Site "Penarth"]
[Date "2016.08.28"]
[Round "3.5"]
[White "Braun, Walter"]
[Black "Fathallah, Joe"]
[Result "1/2-1/2"]
[WhiteElo "2198"]
[BlackElo "1982"]
[PlyCount "128"]
[EventDate "2016.08.28"]
[EventType "swiss"]
[EventRounds "5"]
[EventCountry "WLS"]
[SourceDate "2016.08.28"]

1. Nf3 d5 2. e3 Nf6 3. d4 Bf5 4. c4 e6 5. Qb3 Qc8 6. Nc3 c6 7. Bd2 h6 8. Rc1
Nbd7 9. cxd5 exd5 10. Nh4 Bh7 11. g3 Bd6 12. Bg2 Qb8 13. f4 O-O 14. O-O Re8 15.
Rfe1 Nb6 16. Bf1 Ne4 17. Nxe4 Bxe4 18. Bb4 Bxb4 19. Qxb4 Qd8 20. b3 Qe7 21.
Qxe7 Rxe7 22. Kf2 Nc8 23. Nf3 Bxf3 24. Kxf3 Nd6 25. Bd3 Rae8 26. a4 Ne4 27.
Bxe4 Rxe4 28. b4 a6 29. Kf2 Ra8 30. Rc3 f5 31. Rb1 Re6 32. Rb2 b5 33. Ra3 Rae8
34. axb5 axb5 35. Rc2 Rf6 36. Ra6 Ree6 37. Rca2 h5 38. Rb6 Rd6 39. Ra8+ Rf8 40.
Raa6 Rff6 41. Kf3 Rde6 42. Rb8+ Rf8 43. Rxb5 Rfe8 44. Rb7 Rxe3+ 45. Kg2 R8e6
46. Raa7 Rg6 47. Ra8+ Kh7 48. Rf8 Re2+ 49. Kf3 Rxh2 50. Rxf5 Rh3 51. Rg5 Rxg5
52. fxg5 Rh1 53. Kf4 Rf1+ 54. Ke5 Rf3 55. Rc7 Rxg3 56. Kf4 Rb3 57. Rxc6 Rxb4
58. Ke5 h4 59. Kf5 Rb1 60. Kg4 Rd1 61. Kh5 g6+ 62. Rxg6 h3 63. Rh6+ Kg7 64. Kg4
Rxd4+ 1/2-1/2

[Event "South Wales Summer Open"]
[Site "Penarth"]
[Date "2016.08.28"]
[Round "3.6"]
[White "Ivekovic, Tihana"]
[Black "Robinson, David"]
[Result "1-0"]
[WhiteElo "2103"]
[BlackElo "1917"]
[PlyCount "69"]
[EventDate "2016.08.28"]
[EventType "swiss"]
[EventRounds "5"]
[EventCountry "WLS"]
[SourceDate "2016.08.28"]

1. d4 Nf6 2. c4 c5 3. d5 b5 4. cxb5 a6 5. bxa6 g6 6. Nc3 Bg7 7. e4 d6 8. Bd3
Bxa6 9. Nge2 O-O 10. O-O Nbd7 11. Bxa6 Rxa6 12. Qc2 Qb6 13. b3 Rb8 14. Rb1 e6
15. dxe6 fxe6 16. Rd1 Ne5 17. a4 Qc6 18. Nf4 Kf7 19. Ba3 g5 20. Nd3 Ned7 21.
Qe2 Rab6 22. Nc1 Ne5 23. Nb5 Rd8 24. f3 Ng6 25. Nd3 c4 26. Nb4 Qc5+ 27. Kh1 Nf4
28. Qxc4 Qf2 29. Qc2 Qh4 30. g3 Qh3 31. gxf4 Qxf3+ 32. Qg2 Qxf4 33. Rf1 Qh4 34.
Rbd1 Rc8 35. Nxd6+ 1-0

[Event "South Wales Summer Open"]
[Site "Penarth"]
[Date "2016.08.28"]
[Round "3.7"]
[White "Bridges, Paul"]
[Black "Christmas, Steve"]
[Result "1/2-1/2"]
[WhiteElo "1791"]
[BlackElo "1854"]
[PlyCount "31"]
[EventDate "2016.08.28"]
[EventType "swiss"]
[EventRounds "5"]
[EventCountry "WLS"]
[SourceDate "2016.08.28"]

1. e4 c6 2. d4 d5 3. e5 h5 4. Bd3 g6 5. Nf3 Bg4 6. h3 Bxf3 7. Qxf3 e6 8. O-O
Nd7 9. c3 Bh6 10. Nd2 Bxd2 11. Bxd2 a6 12. Qg3 h4 13. Qg4 Nh6 14. Qg5 Qxg5 15.
Bxg5 Nf5 16. Bxf5 1/2-1/2

[Event "South Wales Summer Open"]
[Site "Penarth"]
[Date "2016.08.28"]
[Round "3.8"]
[White "Van Kemenade, Julie"]
[Black "Sivarajasingam, Venetia"]
[Result "1-0"]
[WhiteElo "1716"]
[BlackElo "1655"]
[PlyCount "81"]
[EventDate "2016.08.28"]
[EventType "swiss"]
[EventRounds "5"]
[EventCountry "WLS"]
[SourceDate "2016.08.28"]

1. e4 e6 2. d3 d5 3. Qe2 Nf6 4. Nf3 Be7 5. g3 O-O 6. Bg2 c5 7. O-O Nc6 8. e5
Nd7 9. h4 Qc7 10. Bf4 b5 11. Re1 Bb7 12. Nc3 a6 13. Rad1 Qb6 14. Qd2 b4 15. Ne2
f6 16. exf6 Bxf6 17. Bd6 Rfe8 18. c3 e5 19. d4 cxd4 20. cxd4 e4 21. Nh2 a5 22.
Bf4 Ba6 23. Be3 Be7 24. Nf4 Nf6 25. g4 Bd6 26. g5 Bxf4 27. gxf6 Bxh2+ 28. Kxh2
g6 29. h5 Qc7+ 30. Kh1 Qf7 31. Bg5 Nd8 32. Rg1 Ne6 33. Bh3 Kh8 34. Bxe6 Qxe6
35. Rg2 Qf7 36. Qf4 Be2 37. hxg6 Qxg6 38. f7 Qh5+ 39. Kg1 Kg7 40. Bh6+ Kh8 41.
Bg7# 1-0

[Event "South Wales Summer Open"]
[Site "Penarth"]
[Date "2016.08.29"]
[Round "4.2"]
[White "Kett, Tim"]
[Black "Turner, Joseph David"]
[Result "1/2-1/2"]
[WhiteElo "2219"]
[BlackElo "1911"]
[PlyCount "113"]
[EventDate "2016.08.28"]
[EventType "swiss"]
[EventRounds "5"]
[EventCountry "WLS"]
[SourceDate "2016.08.28"]

1. e4 Nc6 2. Nc3 e5 3. f4 Bb4 4. Nd5 exf4 5. Nf3 Nf6 6. Nxb4 Nxb4 7. e5 Qe7 8.
Be2 Ng4 9. c3 Nd5 10. Qb3 Nb6 11. d4 d6 12. exd6 Qxd6 13. Qb5+ Kf8 14. O-O Nd5
15. Ne5 c6 16. Qd3 Nxe5 17. dxe5 Qxe5 18. Bxf4 Nxf4 19. Qd8+ Qe8 20. Qd6+ Qe7
21. Qxf4 Be6 22. Bg4 Bxg4 23. Qxg4 h5 24. Qf5 Rh6 25. Rae1 Qc7 26. Rd1 Kg8 27.
c4 Rf8 28. b3 Qb6+ 29. Kh1 Qa6 30. a4 Qb6 31. Rf3 Qb4 32. h3 h4 33. Qg5 Re8 34.
Rd7 Qe1+ 35. Kh2 Rg6 36. Qf4 Qe5 37. Rxb7 Qxf4+ 38. Rxf4 f6 39. Rg4 Rxg4 40.
hxg4 a5 41. Rc7 Re6 42. c5 Kh7 43. Kh3 Re3+ 44. Kxh4 Kh6 45. g3 Rxb3 46. Rxc6
Ra3 47. g5+ Kg6 48. gxf6 Rxa4+ 49. g4 gxf6 50. Ra6 Kf7 51. Kh5 Ra1 52. Ra7+ Ke6
53. c6 Rh1+ 54. Kg6 Rg1 55. Kh5 Rh1+ 56. Kg6 Rg1 57. Kh5 1/2-1/2

[Event "South Wales Summer Open"]
[Site "Penarth"]
[Date "2016.08.29"]
[Round "4.3"]
[White "Staniforth, Matthew"]
[Black "Ivekovic, Tihana"]
[Result "0-1"]
[WhiteElo "1874"]
[BlackElo "2103"]
[PlyCount "98"]
[EventDate "2016.08.28"]
[EventType "swiss"]
[EventRounds "5"]
[EventCountry "WLS"]
[SourceDate "2016.08.28"]

1. e4 c5 2. Nf3 e6 3. d4 cxd4 4. Nxd4 a6 5. c4 Nf6 6. Nc3 Qc7 7. Be2 Be7 8. O-O
d6 9. Be3 O-O 10. f3 b6 11. Rc1 Bb7 12. Qd2 Nbd7 13. Rfd1 Rac8 14. Qe1 Rfd8 15.
Qf2 Qb8 16. Nc2 Ba8 17. Bf4 Ne5 18. Na4 Nfd7 19. Be3 Nxc4 20. Bd4 b5 21. b3
Nce5 22. Nb6 Nxb6 23. Bxb6 Re8 24. a4 Nd7 25. Ba7 Qb7 26. axb5 axb5 27. Na3
Rxc1 28. Rxc1 b4 29. Nb5 Rc8 30. Rd1 Nc5 31. Rxd6 Bxd6 32. Nxd6 Qxa7 33. Nxc8
Qc7 34. Qd4 Qxc8 35. Qxb4 Bb7 36. Qb6 Ba6 37. b4 Bxe2 38. bxc5 h6 39. c6 Ba6
40. c7 Kf8 41. Qd6+ Ke8 42. Qc6+ Ke7 43. e5 Bb7 44. Qc5+ Kd7 45. Qd6+ Ke8 46.
Qb6 Qa8 47. Qd6 $4 Qa7+ 48. Kf1 Qa6+ 49. Ke1 Qxd6 0-1

[Event "South Wales Summer Open"]
[Site "Penarth"]
[Date "2016.08.29"]
[Round "4.4"]
[White "Davis, Lee"]
[Black "Braun, Walter"]
[Result "1-0"]
[WhiteElo "1925"]
[BlackElo "2198"]
[PlyCount "59"]
[EventDate "2016.08.28"]
[EventType "swiss"]
[EventRounds "5"]
[EventCountry "WLS"]
[SourceDate "2016.08.28"]

1. d4 d6 2. Nf3 Nf6 3. g3 g6 4. Bg2 Bg7 5. O-O O-O 6. c4 c6 7. Nc3 Bf5 8. Nh4
Be6 9. d5 cxd5 10. cxd5 Bd7 11. Be3 Na6 12. Nf3 Re8 13. h3 Nc5 14. Nd4 Rc8 15.
Rc1 a5 16. Nb3 Na6 17. Nd4 Nb4 18. Qb3 Na6 19. Qd1 Nc5 20. Nb3 Na6 21. Nd4 Rc4
22. Qd2 h5 23. Nb1 Rxc1 24. Rxc1 Nc5 25. Nc3 Qb6 26. Rd1 a4 27. b3 axb3 28.
Nxb3 Nxb3 29. axb3 Rc8 $4 30. Bxb6 1-0

[Event "South Wales Summer Open"]
[Site "Penarth"]
[Date "2016.08.29"]
[Round "4.5"]
[White "Kalavala, Nayana"]
[Black "Brown, Thomas"]
[Result "0-1"]
[WhiteElo "1255"]
[BlackElo "2092"]
[PlyCount "88"]
[EventDate "2016.08.28"]
[EventType "swiss"]
[EventRounds "5"]
[EventCountry "WLS"]
[SourceDate "2016.08.28"]

1. e4 c5 2. Nf3 g6 3. d4 cxd4 4. Nxd4 Nc6 5. Nc3 Nf6 6. f3 Bg7 7. Be3 O-O 8.
Qd2 d5 9. exd5 Nxd5 10. Nxc6 bxc6 11. Bd3 Nxc3 12. bxc3 Qa5 13. Bd4 e5 14. Be3
e4 15. Bd4 Bxd4 16. cxd4 Qxd2+ 17. Kxd2 exd3 18. Kxd3 Re8 19. Rhg1 Re7 20. c3
Ba6+ 21. c4 Rae8 22. Kc3 Re3+ 23. Kc2 Bxc4 24. Rgd1 Re2+ 25. Rd2 Rxd2+ 26. Kxd2
Re2+ 27. Kc3 Rxa2 28. Rxa2 Bxa2 29. Kb4 Kf8 30. Kc5 a5 31. Kxc6 a4 32. Kb5 Bb3
33. Kb4 Ke7 34. Kc5 a3 35. Kb4 a2 36. Kxb3 a1=Q 37. Kc4 Kd6 38. Kd3 Kd5 39. Ke3
Qc3+ 40. Kf4 Kxd4 41. Kg3 Ke3 42. Kh3 Qc8+ 43. g4 Kxf3 44. Kh4 Qxg4# 0-1

[Event "South Wales Summer Open"]
[Site "Penarth"]
[Date "2016.08.29"]
[Round "4.6"]
[White "Robinson, David"]
[Black "Fathallah, Joe"]
[Result "1/2-1/2"]
[WhiteElo "1917"]
[BlackElo "1982"]
[PlyCount "86"]
[EventDate "2016.08.28"]
[EventType "swiss"]
[EventRounds "5"]
[EventCountry "WLS"]
[SourceDate "2016.08.28"]

1. d4 f5 2. Nf3 Nf6 3. Bf4 d6 4. e3 e6 5. h3 Be7 6. Bc4 d5 7. Bd3 O-O 8. Nbd2
Ne4 9. Qe2 c6 10. Ne5 Nd7 11. c3 Nxe5 12. Bxe5 Bd7 13. Nf3 Be8 14. g4 Kh8 15.
O-O-O Qa5 16. Kb1 b5 17. gxf5 exf5 18. Rhg1 Rf7 19. Bxe4 dxe4 20. Ng5 Bxg5 21.
Rxg5 Kg8 22. Rdg1 Kf8 23. Qh5 Ke7 24. Rxg7 b4 25. Qxf5 Qd5 26. Bf6+ Kd6 27.
Qxd5+ Kxd5 28. Rxf7 Bxf7 29. Kc2 bxc3 30. Kxc3 Bg6 31. Be5 Rf8 32. Bf4 Rf7 33.
b4 Rf5 34. h4 Rh5 35. Bg3 Rf5 36. Kb3 Bh5 37. Rc1 Be8 38. a4 a6 39. Rc5+ Ke6
40. Kc4 Rd5 41. Ra5 Rxa5 42. bxa5 Bh5 43. Kc5 Kd7 1/2-1/2